[Event "NW Regional Scholastic Championships"]
[Site "Chess.com"]
[Date "2020.05.16"]
[Round "?"]
[White "Meekoeng"]
[Black "PoliticalPodcaster"]
[Result "1/2-1/2"]
[WhiteElo "1000"]
[BlackElo "628"]
[PlyCount "199"]
[EventDate "2020.??.??"]

1. d4 d5 2. Bg5 Bg4 3. e4 Bxd1 4. Kxd1 Nc6 5. Nf3 Nf6 6. exd5 h6 7. dxc6 bxc6
8. Bxf6 gxf6 9. c4 e6 10. Na3 Bxa3 11. bxa3 O-O 12. Bd3 c5 13. dxc5 e5 14. c6
f5 15. Nxe5 f6 16. Nf3 Re8 17. Nd4 Qxd4 18. Kc2 Qxa1 19. Rxa1 Re7 20. Bxf5 Rae8
21. Bd3 Re1 22. Rxe1 Rxe1 23. Kd2 Re8 24. c5 a5 25. Bg6 Ra8 26. Be4 h5 27. Bf3
h4 28. Bd5+ Kh7 29. g3 hxg3 30. fxg3 f5 31. Bf3 Rd8+ 32. Ke3 a4 33. Bh5 Kh6 34.
Be2 Rf8 35. Bd3 f4+ 36. Kf2 Rg8 37. Bc2 fxg3+ 38. hxg3 Kg7 39. Bxa4 Ra8 40. Ke2
Rxa4 41. Kd2 Rxa3 42. Kc2 Rxa2+ 43. Kb1 Rh2 44. Kc1 Rh1+ 45. Kd2 Rh2+ 46. Kd3
Rh3 47. Kd4 Rxg3 48. Kd5 Rg4 49. Ke6 Rf4 50. Kd7 Rf6 51. Kxc7 Rf5 52. Kb6 Rf6
53. Kc7 Rf7+ 54. Kd6 Rf6+ 55. Ke5 Rh6 56. Kd5 Rh5+ 57. Kd6 Rh2 58. c7 Rh8 59.
Kd7 Kf6 60. c8=N Rh1 61. Ne7 Re1 62. Nc6 Rc1 63. Kd6 Ra1 64. Nb4 Ra4 65. Nc6
Ra6 66. Kd5 Ra1 67. Nb8 Rd1+ 68. Kc4 Rg1 69. c6 Rg8 70. c7 Rc8 71. Kc5 Rxc7+
72. Kd6 Rc2 73. Nd7+ Kg5 74. Ne5 Rd2+ 75. Ke6 Re2 76. Kd5 Kf5 77. Nc4 Rc2 78.
Kd4 Ra2 79. Ne5 Ra4+ 80. Nc4 Ra7 81. Nd6+ Kg4 82. Nc8 Ra1 83. Nb6 Rd1+ 84. Ke3
Re1+ 85. Kd2 Rh1 86. Nd5 Rh2+ 87. Ke3 Rh3+ 88. Kf2 Rh2+ 89. Kg1 Rb2 90. Nc3 Kg3
91. Nd1 Rg2+ 92. Kf1 Ra2 93. Ne3 Ra3 94. Ng2 Ra1+ 95. Ne1 Ra8 96. Kg1 Rg8 97.
Ng2 Rc8 98. Kf1 Rc1+ 99. Ne1 Rxe1+ 100. Kxe1 1/2-1/2

[Event "NW Regional Scholastic Championships"]
[Site "Chess.com"]
[Date "2020.05.16"]
[Round "?"]
[White "lincolnhowe"]
[Black "Meekoeng"]
[Result "1/2-1/2"]
[WhiteElo "1000"]
[BlackElo "1000"]
[PlyCount "161"]
[EventDate "2020.??.??"]

1. e4 e5 2. f3 d5 3. exd5 Qxd5 4. d3 Qd8 5. Ne2 Nd7 6. g4 Ne7 7. Bh3 f6 8. O-O
g6 9. b4 Bg7 10. Kh1 O-O 11. Rg1 f5 12. Rg3 fxg4 13. fxg4 Bh6 14. Bxh6 Rf2 15.
Nd2 Qf8 16. g5 Qd8 17. Kg1 Rxe2 18. Qxe2 Nb6 19. Qg2 Na4 20. Kh1 Nb2 21. Bxc8
Qxc8 22. Qg1 Qd8 23. b5 Qd4 24. Qd1 Qe4+ 25. Kg1 Qd4+ 26. Kg2 Nf5 27. Rh3 Nxd1
28. Rxd1 Rd8 29. Nf3 Qc4 30. dxc4 Ne3+ 31. Kh1 Nxd1 32. Rg3 Nf2+ 33. Kg1 Nd1
34. Kf1 Rd2 35. Nxd2 e4 36. Ke1 Nc3 37. Rxc3 a6 38. bxa6 bxa6 39. Ra3 c5 40.
Rxa6 e3 41. Ra8+ Kf7 42. Ra7+ Ke6 43. Ra6+ Kf5 44. Ke2 exd2 45. Kxd2 Kg4 46. h4
Kxh4 47. Ra5 Kg4 48. Rxc5 Kf4 49. Rd5 Ke4 50. Rd7 Ke5 51. c5 Ke6 52. Rxh7 Kd5
53. c6 Kxc6 54. a3 Kb5 55. c4+ Kxc4 56. a4 Kb4 57. a5 Kxa5 58. Rg7 Kb6 59.
Rxg6+ Kc5 60. Rf6 Kd5 61. g6 Ke5 62. Rf8 Ke6 63. g7 Ke7 64. Rh8 Kf7 65. g8=Q+
Kf6 66. Qf8+ Kg6 67. Qg8+ Kh5 68. Qg7 Kh4 69. Qd7 Kg3 70. Qd3+ Kf2 71. Re8 Kg2
72. Kc3 Kh2 73. Kd4 Kg2 74. Ke5 Kf2 75. Qh3 Ke2 76. Kf6+ Kd1 77. Rd8+ Kc2 78.
Rd3 Kb2 79. Rd4 Ka2 80. Qh2+ Kb1 81. Ra4 1/2-1/2

[Event "NW Regional Scholastic Championships"]
[Site "Chess.com"]
[Date "2020.05.16"]
[Round "?"]
[White "EthanM08"]
[Black "lincolnhowe"]
[Result "1-0"]
[WhiteElo "1066"]
[BlackElo "1000"]
[PlyCount "21"]
[EventDate "2020.??.??"]

1. e4 e5 2. Bc4 b5 3. Bxb5 c6 4. Bc4 f6 5. Nf3 Nh6 6. O-O Be7 7. Ne1 Kf8 8. Qh5
g6 9. Qxh6+ Ke8 10. Qg7 Na6 11. Qf7# 1-0

[Event "NW Regional Scholastic Championships"]
[Site "Chess.com"]
[Date "2020.05.16"]
[Round "?"]
[White "lincolnhowe"]
[Black "Ariish"]
[Result "0-1"]
[WhiteElo "1000"]
[BlackElo "1000"]
[PlyCount "92"]
[EventDate "2020.??.??"]

1. e4 e5 2. d3 c5 3. f3 Nc6 4. Na3 d5 5. exd5 Nd4 6. Be3 Nb5 7. Nxb5 a6 8. Na3
Bf5 9. g4 Qd6 10. gxf5 Qxd5 11. c4 O-O-O 12. Nb1 Qc6 13. Nh3 g5 14. Nxg5 Bh6
15. Bh3 Bxg5 16. Bxg5 f6 17. Bxf6 Qxf6 18. a4 Qh4+ 19. Kf1 Qxh3+ 20. Kg1 Qh6
21. Kf2 Rd6 22. Ra3 a5 23. Rb3 b6 24. Nc3 Nf6 25. Ne4 Rg8 26. Nxf6 Qxf6 27. h3
Qxf5 28. Kf1 b5 29. cxb5 c4 30. dxc4 Rxd1+ 31. Ke2 Rxh1 32. c5 Rxh3 33. b6 Rh6
34. c6 Re8 35. b7+ Kb8 36. c7+ Kxc7 37. b8=B+ Kc6 38. Rc3+ Kd5 39. Rd3+ Kc4 40.
Rd1 Qc2+ 41. Kf1 Qxd1+ 42. Kg2 Qd8 43. Bxe5 Rxe5 44. f4 Rf5 45. Kf1 Rxf4+ 46.
Ke1 Re6# 0-1

[Event "NW Regional Scholastic Championships"]
[Site "Chess.com"]
[Date "2020.05.16"]
[Round "?"]
[White "lincolnhowe"]
[Black "HunterR_StAnne"]
[Result "1-0"]
[WhiteElo "1000"]
[BlackElo "1000"]
[PlyCount "131"]
[EventDate "2020.??.??"]

1. e4 Nc6 2. Nc3 Nh6 3. f3 Nb4 4. Rb1 Nxa2 5. Ra1 Nxc3 6. dxc3 Ng8 7. Nh3 Nf6
8. Nf4 Nd5 9. exd5 a5 10. b3 Ra6 11. Bxa6 bxa6 12. Nd3 h5 13. O-O Rh7 14. Qe1
g6 15. Kh1 g5 16. Rg1 Rh6 17. Nf4 a4 18. bxa4 a5 19. Ba3 Ba6 20. Nxh5 c5 21.
Ng7+ Bxg7 22. Qc1 Bc8 23. Bxc5 d6 24. g3 f6 25. Be3 e5 26. f4 exf4 27. gxf4 Be6
28. fxg5 Qb8 29. gxh6 Bxh6 30. Bxh6 Kd7 31. Rb1 Qh8 32. Rb7+ Kc8 33. Rb5 Kd7
34. Qe3 f5 35. Rf1 f4 36. Qh3 Bxh3 37. Rf3 Qxh6 38. c4 Qg6 39. Rbb3 Qg5 40.
Rxh3 f3 41. Rb1 Qe5 42. Rh7+ Qe7 43. Rxe7+ Kxe7 44. c5 dxc5 45. h3 Kd6 46. h4
Kxd5 47. h5 Ke6 48. h6 Kf7 49. h7 Kg7 50. h8=Q+ Kxh8 51. Rb6 Kh7 52. Ra6 Kg7
53. Rxa5 Kf7 54. Ra7+ Kf6 55. Rb7 Ke6 56. a5 Ke5 57. a6 Ke4 58. a7 Kd5 59. a8=Q
f2 60. Rb1+ Kc4 61. Qa6+ Kc3 62. Kg2 f1=Q+ 63. Kxf1 Kxc2 64. Re1 Kb2 65. Qb6+
Ka3 66. Ra1# 1-0

[Event "NW Regional Scholastic Championships"]
[Site "Chess.com"]
[Date "2020.05.16"]
[Round "?"]
[White "kyrenM"]
[Black "aguslr"]
[Result "1-0"]
[WhiteElo "1012"]
[BlackElo "1000"]
[PlyCount "53"]
[EventDate "2020.??.??"]

1. e4 Nc6 2. Nf3 e5 3. Nc3 Nf6 4. Bb5 Bb4 5. Bc4 Bxc3 6. bxc3 Na5 7. Bb3 Nxb3
8. axb3 O-O 9. Nh4 Nxe4 10. d3 Nxf2 11. Kxf2 e4 12. g3 e3+ 13. Bxe3 f5 14. Ke1
f4 15. Bxf4 Rxf4 16. gxf4 b5 17. Ng2 b4 18. cxb4 a5 19. bxa5 h5 20. Qxh5 g6 21.
Qxg6+ Kh8 22. Qf7 Ba6 23. h4 Bxd3 24. cxd3 d5 25. h5 c5 26. Nh4 Ra7 27. Ng6#
1-0

[Event "NW Regional Scholastic Championships"]
[Site "Chess.com"]
[Date "2020.05.16"]
[Round "?"]
[White "HunterR_StAnne"]
[Black "aguslr"]
[Result "0-1"]
[WhiteElo "1000"]
[BlackElo "1000"]
[PlyCount "110"]
[EventDate "2020.??.??"]

1. h4 e5 2. Rh3 Bd6 3. Rd3 e4 4. Rd4 e3 5. Re4+ Ne7 6. Rd4 O-O 7. Nh3 Nbc6 8.
b3 Nxd4 9. Bb2 Nxc2+ 10. Qxc2 Bg3 11. Qd1 Bxf2+ 12. Nxf2 exf2+ 13. Kxf2 Nf5 14.
Ke1 Nd4 15. Bxd4 b5 16. Be5 d6 17. Nc3 dxe5 18. Ne4 Bg4 19. Ng5 Bxe2 20. Kxe2
c5 21. d3 e4 22. dxe4 c4 23. bxc4 bxc4 24. Ne6 c3 25. Nxg7 c2 26. Qxc2 Qc8 27.
Qxc8 Raxc8 28. Rc1 Rxc1 29. Kf3 Rc3+ 30. Kg4 Rd8 31. Kg5 Rd5+ 32. exd5 Rc5 33.
Bd3 Kf8 34. Bf5 Rxd5 35. a4 a5 36. Kh6 Rd6+ 37. Kxh7 Rd4 38. Kh8 Ke7 39. Ne6
Rxa4 40. Nc7 Rxh4+ 41. Bh7 a4 42. Kg7 a3 43. Kg8 a2 44. Bf5 a1=Q 45. Bh7 Qa8+
46. Kg7 Rg4+ 47. Bg6 f5 48. Kh6 Rh4+ 49. Kg7 Qc6 50. Bxf5 Ra4 51. Kh7 Rh4+ 52.
Kg7 Rg4+ 53. Kh8 Qc3+ 54. Kh7 Kf8 55. Bg6 Rh4+ 0-1

[Event "NW Regional Scholastic Championships"]
[Site "Chess.com"]
[Date "2020.05.16"]
[Round "?"]
[White "devinTG"]
[Black "aguslr"]
[Result "1-0"]
[WhiteElo "763"]
[BlackElo "1000"]
[PlyCount "75"]
[EventDate "2020.??.??"]

1. e4 e5 2. Nf3 Bc5 3. Bc4 Ne7 4. O-O O-O 5. Nc3 Nd5 6. Nxd5 c6 7. Ne3 Bxe3 8.
dxe3 c5 9. Bd2 Na6 10. Bxa6 b6 11. Bxc8 Rxc8 12. c4 a6 13. a4 b5 14. cxb5 axb5
15. axb5 c4 16. Bb4 c3 17. Bxf8 c2 18. Qc1 Qxf8 19. b6 Rb8 20. Ra6 d5 21. exd5
e4 22. Nd2 f5 23. Qxc2 f4 24. exf4 e3 25. Nc4 e2 26. Rfa1 e1=Q+ 27. Rxe1 Re8
28. Qd1 Rxe1+ 29. Qxe1 g6 30. Qe6+ Kg7 31. Qd6 h5 32. Qxf8+ Kxf8 33. Ra8+ Kf7
34. b7 h4 35. b8=Q g5 36. Qb6 gxf4 37. Ra7+ Ke8 38. Qb8# 1-0

[Event "NW Regional Scholastic Championships"]
[Site "Chess.com"]
[Date "2020.05.16"]
[Round "?"]
[White "RubyGraceZebra"]
[Black "devinTG"]
[Result "0-1"]
[WhiteElo "1000"]
[BlackElo "763"]
[PlyCount "56"]
[EventDate "2020.??.??"]

1. e4 e5 2. Bc4 Nf6 3. f3 Bc5 4. Nh3 O-O 5. d4 Bxd4 6. c3 Bb6 7. Na3 d5 8. exd5
c6 9. dxc6 Qxd1+ 10. Kxd1 bxc6 11. Bg5 Nbd7 12. Bxf6 Nxf6 13. Nc2 Bf5 14. Ne3
Rad8+ 15. Kc1 Be6 16. Bxe6 fxe6 17. c4 Bxe3+ 18. Kb1 Bd4 19. g4 a5 20. b3 Bxa1
21. Kxa1 e4 22. fxe4 Nxe4 23. a3 Nf2 24. c5 Nxh1 25. Nf2 Nxf2 26. h3 Nxh3 27.
g5 Rd2 28. Kb1 Rf1# 0-1

[Event "NW Regional Scholastic Championships"]
[Site "Chess.com"]
[Date "2020.05.16"]
[Round "?"]
[White "CarlyH123"]
[Black "RubyGraceZebra"]
[Result "1-0"]
[WhiteElo "800"]
[BlackElo "1000"]
[PlyCount "85"]
[EventDate "2020.??.??"]

1. e4 g5 2. Bc4 h5 3. Qf3 Nh6 4. d4 e6 5. Bxg5 Ng8 6. Bxd8 Kxd8 7. Nh3 h4 8. g3
hxg3 9. fxg3 Nf6 10. Nf4 e5 11. Nd3 Nd5 12. Bxd5 c6 13. Bxf7 d6 14. Bc4 d5 15.
Bb3 dxe4 16. Qxe4 exd4 17. Qxd4+ Bd6 18. Qxh8+ Kc7 19. Qc3 Bf5 20. Nf2 Bxc2 21.
Bxc2 c5 22. Ne4 b6 23. Nxd6 Kxd6 24. g4 Kc6 25. Rf1 Nd7 26. Rf5 Nb8 27. Qf6+
Kb7 28. Re5 Ka6 29. Re4 Nd7 30. Qd6 Nf6 31. Qxf6 c4 32. Qc6 Rf8 33. Rxc4 Ra8
34. Qxa8 b5 35. Rc3 b4 36. Rc4 b3 37. Bxb3 Ka5 38. Qxa7+ Kb5 39. Rf4 Kc6 40.
Rf5 Kd6 41. Qa6+ Kd7 42. Rf7+ Kd8 43. Qa8# 1-0

[Event "NW Regional Scholastic Championships"]
[Site "Chess.com"]
[Date "2020.05.16"]
[Round "?"]
[White "RubyGraceZebra"]
[Black "lincolnhowe"]
[Result "0-1"]
[WhiteElo "1000"]
[BlackElo "1000"]
[PlyCount "70"]
[EventDate "2020.??.??"]

1. d4 d5 2. Bf4 e5 3. dxe5 f6 4. exf6 gxf6 5. c3 c6 6. Bxb8 Rxb8 7. e3 f5 8.
Bd3 d4 9. exd4 Nf6 10. c4 a5 11. a4 Ra8 12. c5 Rb8 13. Nf3 Nh5 14. O-O Nf4 15.
g3 Nxd3 16. b3 Nf4 17. gxf4 Rg8+ 18. Kh1 Be6 19. d5 Bxd5 20. b4 Bxf3+ 21. Qxf3
Bh6 22. h3 Qf6 23. h4 Qxa1 24. Nd2 Qxa4 25. Nc4 Qxb4 26. h5 Qxc4 27. Qg2 Bxf4
28. Qxg8+ Qxg8 29. h6 Qd5+ 30. f3 Qxc5 31. Rg1 Be3 32. Rg8+ Kf7 33. Rg1 Bxg1
34. Kg2 Qc2+ 35. Kh1 Qh2# 0-1

[Event "NW Regional Scholastic Championships"]
[Site "Chess.com"]
[Date "2020.05.16"]
[Round "?"]
[White "Meekoeng"]
[Black "meerasankar"]
[Result "1-0"]
[WhiteElo "1000"]
[BlackElo "800"]
[PlyCount "65"]
[EventDate "2020.??.??"]

1. e4 e5 2. Bb5 Nf6 3. Nc3 Bb4 4. Nb1 O-O 5. Nf3 d6 6. O-O Bg4 7. h3 Bxf3 8.
gxf3 Nbd7 9. c3 Rc8 10. cxb4 Nb6 11. Be2 Na4 12. b3 Nb2 13. Bxb2 g6 14. Nc3 b5
15. Nxb5 a6 16. Na7 Ra8 17. Nc6 Qc8 18. Na5 Rb8 19. Nc6 Rb6 20. Na7 Rb7 21.
Nxc8 Rxb4 22. Na7 Rxb3 23. axb3 g5 24. Nc6 g4 25. fxg4 Nxe4 26. d3 Nd2 27. Qxd2
e4 28. dxe4 Rc8 29. Ne7+ Kf8 30. Nxc8 Ke8 31. Nxd6+ Ke7 32. Nf5+ Ke6 33. Qd5#
1-0

[Event "NW Regional Scholastic Championships"]
[Site "Chess.com"]
[Date "2020.05.16"]
[Round "?"]
[White "meerasankar"]
[Black "veer2204"]
[Result "0-1"]
[WhiteElo "800"]
[BlackElo "1000"]
[PlyCount "56"]
[EventDate "2020.??.??"]

1. e4 e5 2. Nf3 d6 3. Nc3 Nf6 4. d3 Nc6 5. Bg5 Be7 6. Be2 O-O 7. O-O Nb4 8. Rc1
c6 9. g3 Bh3 10. Re1 Qd7 11. a3 Na6 12. b3 Qg4 13. a4 d5 14. exd5 cxd5 15. Bxf6
Bxf6 16. b4 Nxb4 17. a5 a6 18. d4 exd4 19. Nxd5 Nxd5 20. Bc4 Nc3 21. Bxf7+ Rxf7
22. Nd2 Nxd1 23. Rexd1 Re8 24. f3 Qg5 25. f4 Qg4 26. f5 Qxf5 27. g4 Qxg4+ 28.
Kf2 Re2# 0-1

[Event "NW Regional Scholastic Championships"]
[Site "Chess.com"]
[Date "2020.05.16"]
[Round "?"]
[White "PoliticalPodcaster"]
[Black "meerasankar"]
[Result "1-0"]
[WhiteElo "628"]
[BlackElo "800"]
[PlyCount "75"]
[EventDate "2020.??.??"]

1. e4 e5 2. Nf3 Nc6 3. Bb5 Nf6 4. O-O Bb4 5. Nc3 O-O 6. d3 d6 7. Bg5 h6 8. Bxf6
gxf6 9. Bxc6 bxc6 10. a3 Bxc3 11. bxc3 Bg4 12. h3 Bxf3 13. gxf3 Rb8 14. Rb1
Rxb1 15. Qxb1 f5 16. exf5 h5 17. d4 exd4 18. cxd4 h4 19. f6 d5 20. Re1 c5 21.
dxc5 d4 22. Rd1 d3 23. Rxd3 Qe8 24. Re3 Qd8 25. a4 a5 26. f4 c6 27. f5 Qd5 28.
Rd3 Qe4 29. f3 Qxf3 30. Rxf3 Rd8 31. c3 Rd1+ 32. Qxd1 Kh7 33. Qd8 Kh6 34. Rf4
Kg5 35. Re4 Kxf5 36. Re7 Kf4 37. Qd4+ Kf3 38. Re3# 1-0

[Event "NW Regional Scholastic Championships"]
[Site "Chess.com"]
[Date "2020.05.16"]
[Round "?"]
[White "meerasankar"]
[Black "RubyGraceZebra"]
[Result "0-1"]
[WhiteElo "800"]
[BlackElo "1000"]
[PlyCount "84"]
[EventDate "2020.??.??"]

1. e4 d6 2. Nf3 Bg4 3. Nc3 Bxf3 4. gxf3 g5 5. Bh3 Bg7 6. O-O Bxc3 7. d3 Bxb2 8.
Bxb2 c5 9. Bxh8 Nf6 10. Rc1 Nc6 11. e5 dxe5 12. Bxf6 exf6 13. a4 g4 14. fxg4 f5
15. gxf5 Nb4 16. c3 c4 17. cxb4 cxd3 18. Qe1 e4 19. Qxe4+ Kf8 20. Qg4 h5 21.
Qxh5 f6 22. Rcd1 d2 23. Rxd2 Qb8 24. Qh6+ Kg8 25. Rd3 Kf7 26. Bg4 b6 27. Bh5+
Ke7 28. Be2 a5 29. Rd7+ Kxd7 30. Qd2+ Kc7 31. Rc1+ Kb7 32. Bf3+ Ka7 33. Bxa8
Qxa8 34. Rc5 bxc5 35. Kf1 cxb4 36. Qxb4 axb4 37. h4 b3 38. h5 b2 39. Kg1 b1=Q+
40. Kh2 Qf3 41. h6 Qb2 42. h7 Qbxf2# 0-1

[Event "NW Regional Scholastic Championships"]
[Site "Chess.com"]
[Date "2020.05.16"]
[Round "?"]
[White "CullenCMalone"]
[Black "SNEHASANKAR"]
[Result "1-0"]
[WhiteElo "1200"]
[BlackElo "800"]
[PlyCount "35"]
[EventDate "2020.??.??"]

1. e4 e6 2. d4 d5 3. exd5 exd5 4. Qe2+ Be7 5. Qb5+ c6 6. Qb3 Nf6 7. Nc3 O-O 8.
Bg5 Nbd7 9. O-O-O b6 10. Bd3 Bb7 11. Nf3 c5 12. dxc5 Nxc5 13. Qb5 Nxd3+ 14.
Qxd3 Bc6 15. Bh4 Ng4 16. Ng5 Re8 17. Qxh7+ Kf8 18. Qh8# 1-0

[Event "NW Regional Scholastic Championships"]
[Site "Chess.com"]
[Date "2020.05.16"]
[Round "?"]
[White "SNEHASANKAR"]
[Black "skibrosv"]
[Result "1-0"]
[WhiteElo "800"]
[BlackElo "1182"]
[PlyCount "79"]
[EventDate "2020.??.??"]

1. e4 e5 2. d4 d6 3. d5 c6 4. Nc3 cxd5 5. Nxd5 Be6 6. Bc4 Bxd5 7. Bxd5 Nf6 8.
Bg5 Nbd7 9. Nf3 h6 10. Bxf6 Nxf6 11. O-O Nxd5 12. exd5 Qf6 13. c3 Be7 14. Qa4+
Kf8 15. Rfe1 Qg6 16. g3 h5 17. Kf1 Qd3+ 18. Re2 Qxf3 19. Rae1 Qf6 20. Re3 Qh6
21. Qc4 Bg5 22. R3e2 Qf6 23. Rd1 Qf3 24. Rde1 Qf6 25. h4 Bxh4 26. gxh4 Qxh4 27.
Qxh4 f6 28. Qb4 g5 29. Qxb7 Re8 30. Re4 Re7 31. Qb5 Rhh7 32. Rb4 Rb7 33. Qa4
Rxb4 34. Qxb4 Ke7 35. Qb7+ Kf8 36. Qxh7 Ke8 37. Re4 f5 38. Rb4 g4 39. Rb7 h4
40. Qe7# 1-0

[Event "NW Regional Scholastic Championships"]
[Site "Chess.com"]
[Date "2020.05.16"]
[Round "?"]
[White "skibrosv"]
[Black "CullenCMalone"]
[Result "1/2-1/2"]
[WhiteElo "1182"]
[BlackElo "1200"]
[PlyCount "145"]
[EventDate "2020.??.??"]

1. e4 e5 2. Nf3 d6 3. Nc3 Nf6 4. d3 Bg4 5. Be2 d5 6. exd5 Nxd5 7. Nxd5 Qxd5 8.
c4 Qc5 9. Be3 Qa5+ 10. Bd2 Qc5 11. Be3 Qd6 12. h3 Bh5 13. Bd2 Nc6 14. b3 Nd4
15. Nxd4 Bxe2 16. Nxe2 O-O-O 17. Qc1 Qxd3 18. Qd1 Bb4 19. Bxb4 Qxd1+ 20. Rxd1
Rxd1+ 21. Kxd1 Rd8+ 22. Bd2 e4 23. Kc2 f5 24. Bg5 Rd7 25. Nf4 h6 26. Bh4 g5 27.
Bxg5 hxg5 28. Ne6 f4 29. g3 fxg3 30. fxg3 e3 31. Re1 Rd2+ 32. Kc1 c5 33. Rxe3
Rd7 34. Nxc5 Rd8 35. Ne6 Re8 36. c5 Kd7 37. b4 Rxe6 38. Rxe6 Kxe6 39. Kd2 Kd5
40. Ke3 Kc4 41. Kf3 Kxb4 42. Kg4 Kxc5 43. Kxg5 Kd6 44. h4 b5 45. h5 b4 46. h6
a5 47. h7 a4 48. h8=Q b3 49. Qb2 Kc5 50. Qa3+ Kb5 51. Qc1 bxa2 52. Qa1 Kb4 53.
Qxa2 a3 54. Kf4 Ka4 55. Ke3 Kb4 56. Kd2 Ka4 57. Kc2 Kb4 58. Qb1+ Ka4 59. Qb3+
Ka5 60. Qxa3+ Kb5 61. Qb3+ Kc5 62. Kd3 Kd6 63. Qc4 Ke5 64. Qe4+ Kf6 65. Kd4 Kg7
66. Qe5+ Kf7 67. Kd5 Kg6 68. Ke4 Kf7 69. Qf5+ Kg7 70. Qe6 Kf8 71. Kf5 Kg7 72.
Qg6+ Kf8 73. Kf6 1/2-1/2

[Event "NW Regional Scholastic Championships"]
[Site "Chess.com"]
[Date "2020.05.16"]
[Round "?"]
[White "hello2011"]
[Black "lakedog208"]
[Result "1-0"]
[WhiteElo "1125"]
[BlackElo "854"]
[PlyCount "97"]
[EventDate "2020.??.??"]

1. d4 d5 2. c4 c6 3. Nc3 dxc4 4. e4 c5 5. Nf3 cxd4 6. Nxd4 Nf6 7. Bxc4 Bg4 8.
Bb5+ Nbd7 9. Bxd7+ Qxd7 10. Qd3 e5 11. Ncb5 exd4 12. Nxd4 b5 13. Bg5 Bc5 14.
Qxb5 Bxd4 15. Qxd7+ Nxd7 16. O-O O-O 17. h3 Be2 18. Rfe1 Ba6 19. Rad1 Bxb2 20.
Rxd7 f6 21. Bc1 Bc3 22. Bd2 Bb5 23. Rd5 Bxd2 24. Rxd2 Bc4 25. Rc1 Bxa2 26. Rxa2
Rfc8 27. Rxc8+ Rxc8 28. Rxa7 Rc1+ 29. Kh2 Rc2 30. Ra8+ Kf7 31. Ra7+ Kg6 32. f4
Re2 33. f5+ Kg5 34. Rxg7+ Kh6 35. Re7 Kg5 36. Kg3 h5 37. h4+ Kh6 38. Kf4 Rf2+
39. Ke3 Rxg2 40. e5 Rg3+ 41. Kd4 Rg4+ 42. Kd5 Rxh4 43. exf6 Rf4 44. f7 Rxf5+
45. Ke6 Rf4 46. Re8 h4 47. f8=Q+ Kg5 48. Qg7+ Kh5 49. Rh8# 1-0

[Event "NW Regional Scholastic Championships"]
[Site "Chess.com"]
[Date "2020.05.16"]
[Round "?"]
[White "BlitzMaster9000"]
[Black "hello2011"]
[Result "0-1"]
[WhiteElo "1000"]
[BlackElo "1125"]
[PlyCount "42"]
[EventDate "2020.??.??"]

1. e4 c5 2. d4 cxd4 3. Qxd4 Nc6 4. Qe3 g6 5. Bb5 Bh6 6. Qa3 Bxc1 7. Ne2 Bg5 8.
Bxc6 dxc6 9. f4 Bh4+ 10. g3 Bf6 11. e5 Bg7 12. O-O Qb6+ 13. Kh1 Bg4 14. Nec3
Bf5 15. Na4 Be4+ 16. Qf3 Bxf3+ 17. Rxf3 Qd4 18. Rd3 Qxa4 19. Nc3 Qb4 20. a3
Qxb2 21. Rb1 Qxc2 0-1

[Event "NW Regional Scholastic Championships"]
[Site "Chess.com"]
[Date "2020.05.16"]
[Round "?"]
[White "hello2011"]
[Black "CullenCMalone"]
[Result "1-0"]
[WhiteElo "1125"]
[BlackElo "1200"]
[PlyCount "39"]
[EventDate "2020.??.??"]

1. d4 d5 2. c4 dxc4 3. e4 f5 4. exf5 Bxf5 5. Bxc4 Nf6 6. Nc3 Nc6 7. Nf3 Ne4 8.
Nxe4 Bxe4 9. O-O Qc8 10. d5 Nb4 11. Bf4 Bc2 12. Bb5+ c6 13. Qd4 cxb5 14. Qxb4
Bd3 15. Rfd1 e5 16. Qc3 Be2 17. Re1 exf4 18. Rxe2+ Be7 19. Qxg7 Rf8 20. Qxe7#
1-0

[Event "NW Regional Scholastic Championships"]
[Site "Chess.com"]
[Date "2020.05.16"]
[Round "?"]
[White "SNEHASANKAR"]
[Black "hello2011"]
[Result "0-1"]
[WhiteElo "800"]
[BlackElo "1125"]
[PlyCount "118"]
[EventDate "2020.??.??"]

1. e4 c5 2. Nf3 Nc6 3. Nc3 g6 4. Bc4 Bg7 5. O-O Nf6 6. e5 Ng4 7. d3 Bxe5 8. Ng5
O-O 9. Qxg4 d5 10. Qh4 h5 11. Bb5 d4 12. Nce4 e6 13. Bxc6 bxc6 14. Nf3 Qxh4 15.
Nxh4 Bg7 16. Re1 Ba6 17. Bf4 c4 18. Bd6 Rfd8 19. dxc4 Bxc4 20. b3 Bd5 21. Bf4
d3 22. cxd3 Bxa1 23. Rxa1 Bxe4 24. dxe4 Rd7 25. h3 Rd4 26. Be5 Rxe4 27. Bg3 g5
28. Nf5 exf5 29. Kf1 f4 30. Bh4 gxh4 31. Re1 Rd4 32. a4 Rad8 33. Kg1 Rd3 34.
Kh2 f3 35. gxf3 Rxf3 36. Kg2 Rdd3 37. Re8+ Kg7 38. Re1 Rxh3 39. Kf1 Rh1+ 40.
Kg2 Rxe1 41. Kh2 Re2 42. Kg2 h3+ 43. Kg1 Rd1+ 44. Kh2 Rxf2+ 45. Kg3 Rg2+ 46.
Kf4 h2 47. Ke4 h1=Q 48. Ke5 Qe1+ 49. Kf5 Rf2+ 50. Kg5 Qg1+ 51. Kxh5 Rd5+ 52.
Kh4 Qg5+ 53. Kh3 Rf3+ 54. Kh2 Rd2+ 55. Kh1 Qh5+ 56. Kg1 Qg4+ 57. Kh1 Qh3+ 58.
Kg1 Qg3+ 59. Kh1 Qe1# 0-1

[Event "NW Regional Scholastic Championships"]
[Site "Chess.com"]
[Date "2020.05.16"]
[Round "?"]
[White "CullenCMalone"]
[Black "Loch_Ness_Player"]
[Result "1-0"]
[WhiteElo "1200"]
[BlackElo "918"]
[PlyCount "35"]
[EventDate "2020.??.??"]

1. e4 e5 2. Nf3 Nc6 3. Bc4 Bc5 4. Ng5 Nf6 5. Nxf7 Qe7 6. Nxh8 Nxe4 7. O-O d6 8.
Bf7+ Kd8 9. d3 Ng5 10. h4 Nxf7 11. Nxf7+ Qxf7 12. Bg5+ Ke8 13. Nc3 Bxf2+ 14.
Rxf2 Qd7 15. Nd5 b6 16. Qh5+ Qf7 17. Nxc7+ Kf8 18. Qxf7# 1-0

[Event "NW Regional Scholastic Championships"]
[Site "Chess.com"]
[Date "2020.05.16"]
[Round "?"]
[White "lakedog208"]
[Black "Loch_Ness_Player"]
[Result "1-0"]
[WhiteElo "854"]
[BlackElo "918"]
[PlyCount "57"]
[EventDate "2020.??.??"]

1. d4 d5 2. Bf4 e5 3. Bxe5 Nc6 4. Bf4 Bb4+ 5. c3 Bd6 6. Bxd6 Qxd6 7. Nf3 Bg4 8.
Nbd2 Be6 9. e3 O-O-O 10. Bd3 Nf6 11. Ng5 Ne4 12. Ndxe4 dxe4 13. Bxe4 Qd7 14.
O-O Bg4 15. Qd3 Be6 16. h3 Na5 17. Nxh7 Bc4 18. Qc2 Bxf1 19. Kxf1 Rxh7 20. Bxh7
Qb5+ 21. Kg1 Nc4 22. Bd3 Qxb2 23. Qd1 Na3 24. Bf5+ Kb8 25. Bh7 Qb6 26. Rb1 Nxb1
27. Bxb1 Rd6 28. Qh5 Rf6 29. Qh8# 1-0

[Event "NW Regional Scholastic Championships"]
[Site "Chess.com"]
[Date "2020.05.16"]
[Round "?"]
[White "RescuePawn2"]
[Black "BlitzMaster9000"]
[Result "0-1"]
[WhiteElo "693"]
[BlackElo "1000"]
[PlyCount "66"]
[EventDate "2020.??.??"]

1. e4 c5 2. Nf3 Nf6 3. Bc4 d5 4. exd5 Nxd5 5. O-O e6 6. c3 Bd6 7. d4 O-O 8. Na3
Re8 9. Bg5 f6 10. Bh4 g5 11. Bg3 Bxg3 12. hxg3 e5 13. dxe5 fxe5 14. Bxd5+ Be6
15. Bxe6+ Kf8 16. Bd5 g4 17. Nh2 Nc6 18. Nxg4 e4 19. Nf6 Qxf6 20. Nb5 Rad8 21.
Nc7 Re5 22. c4 a6 23. Qa4 Ne7 24. Bxb7 Qh6 25. Qxa6 Ng6 26. Rfd1 Rxd1+ 27. Rxd1
Rh5 28. Kf1 Rh1+ 29. Ke2 Qh5+ 30. f3 exf3+ 31. gxf3 Rh2+ 32. Ke3 Qe5+ 33. Kd3
Qd4# 0-1

[Event "NW Regional Scholastic Championships"]
[Site "Chess.com"]
[Date "2020.05.16"]
[Round "?"]
[White "RescuePawn2"]
[Black "lakedog208"]
[Result "0-1"]
[WhiteElo "693"]
[BlackElo "854"]
[PlyCount "132"]
[EventDate "2020.??.??"]

1. e4 e5 2. Nf3 Nc6 3. Bc4 Nf6 4. O-O Bc5 5. Nc3 d6 6. Nb1 Nxe4 7. Re1 Bxf2+ 8.
Kf1 Bxe1 9. Qxe1 Nb4 10. d3 Nxc2 11. Qxe4 Nxa1 12. Qd5 Be6 13. Qe4 Nc2 14. Qxb7
Rb8 15. Qc6+ Bd7 16. Qa4 Bxa4 17. Ng5 O-O 18. Nxf7 Rxf7+ 19. Bxf7+ Kxf7 20. b3
Qf6+ 21. Kg1 Bc6 22. h3 Rf8 23. Nc3 Ke6 24. Kh2 Qf4+ 25. Bxf4 Rxf4 26. g3 Rf2+
27. Kg1 Rg2+ 28. Kf1 Ne3+ 29. Ke1 Rg1+ 30. Kf2 Rg2+ 31. Kxe3 Rxg3+ 32. Kf2 Rxh3
33. b4 g5 34. Kg1 g4 35. Ne2 g3 36. Kf1 g2+ 37. Kf2 Rh1 38. a3 h5 39. b5 Bxb5
40. Kxg2 Bc6+ 41. Kf2 h4 42. Ke3 Re1 43. Kf2 h3 44. Ng3 Rh1 45. Nxh1 Bxh1 46.
Kg1 Bf3 47. Kh2 Bg4 48. Kg3 Be2 49. Kxh3 Bxd3 50. Kg4 Kd5 51. Kg3 e4 52. Kf2
Kd4 53. Ke1 Ke3 54. a4 Bb5 55. axb5 Kd3 56. Kd1 e3 57. Ke1 e2 58. Kf2 Kd2 59.
Kg1 e1=Q+ 60. Kg2 Qe4+ 61. Kf2 Qe2+ 62. Kg3 Qf1 63. Kg4 Ke2 64. Kg3 Ke3 65. Kh2
Kf3 66. b6 Qg2# 0-1